000 00395nam a22001457a 4500
008 230124b |||||||| |||| 00| 0 eng d
020 _a978-0-07-014590-0
082 _a005.13 GOT
100 _aGottfried, Byron
245 _aSchaun's Outlines: Programming with C
_cByron Gottfried
250 _a3rd Edition
260 _aNew Delhi :
_bTata McGraw-Hill
_c2010
300 _c24.3 cm
942 _2ddc
999 _c9237
_d9238